LDR 01190naa#a2200217#i#450# 001 RU\\bibl\123378 005 20260705171025.7 011 ## _a1994-4683 100 ## _a20230731b2023####ek#y0rusy0150####ca 102 ## _aRU 200 1# _aАНАЛИЗ ОСОБЕННОСТЕЙ ТЕХНИКИ ФАЗЫ РАЗГОНА В ПРЫЖКЕ НА ЛЫЖАХ С ТРАМПЛИНА ЮНОШЕЙ 12-14 ЛЕТ _eЖурнальная статья 210 1# _aМосква _cНациональный государственный Университет физической культуры, спорта и здоровья им. П.Ф. Лесгафта _d2023 215 ## _a6 с. 608 ## _aЖурнальная статья _2local 675 ## _aСеверный бег на лыжах. Лыжные гонки на длинные дистанции. 796.922 _z 700 #1 _aЗахаров _gГригорий Георгиевич 700 #1 _aКотелевская _gНаталия Борисовна 700 #1 _aИванова _gИнна Георгиевна 700 #1 _aБелёва _gАнна Николаевна 700 #1 _aНовикова _gНаталья Борисовна 856 4# _auchzapiski.lesgaft.spb.ru _u